000 01021nam0a22002651 4500
001 rc\816526
005 20250622002623.0
035 _a(NLR Aleph) 005999484
090 _a7213270
_c7213270
100 _a20041129d1983 |||y0rusy50 ca
101 0 _arus
102 _aRU
105 _ay |||||||||
200 1 _aВведение в библиотековедение
_eОсновные элементы библ. обслуж.
_e[Пер. с англ.]
_fПод ред. Н.С. Карташова
_g[Предисл. Р. Гиляревского]
210 _aМ.
_cВысш. школа
_d1983
215 _a256 с.
_d21
300 _aПеревод изд.: Introduction to library science / Jesse H. Shera (Littleton, Col., 1976)
320 _aБиблиогр. в конце глав
320 _aИмен. и предм. указ.: с. 249-256
700 1 _aШира
_bД.Х.
_gДжесс Хоук
801 0 _aRU
_bNLR
_gpsbo
801 1 _aRU
_bELAR
_2rusmarc
852 _aNLR
_bБ
_j1000/Ш-64
942 _cBOOK
980 _aNB